Normal view
MARC view
- Areeba Shamim (00000319168)
Entry Personal Name
001 - CONTROL NUMBER
- control field: 116617
003 - CONTROL NUMBER IDENTIFIER
- control field: NUST
005 - DATE AND TIME OF LATEST TRANSACTION
- control field: 20230912170014.0
008 - FIXED-LENGTH DATA ELEMENTS
- fixed length control field: 230912|| aca||aabn | a|a d
040 ## - CATALOGING SOURCE
- Original cataloging agency: NUST
- Transcribing agency: NUST
100 ## - HEADING--PERSONAL NAME
- Personal name: Areeba Shamim (00000319168)
670 ## - SOURCE DATA FOUND
- Source citation: Work cat.: (NUST): Areeba Shamim (00000319168), Integration Impact of Distributed Renewable Energy Sources on the Power Quality of a Generic IEEE 24 Bus System /, 2021
